000 00516nam a2200181Ia 4500
008 090630s9999 xx 000 0 und d
082 _b2422
100 _a---
245 _aफळांचे टिकाऊ पदार्थ.
_c---
260 _bउद्यम.
_c1972
300 _a128
600 _a---
630 _aफळांचे टिकाऊ पदार्थ.
655 _aइतर.
700 _a---
730 _aफळांचे टिकाऊ पदार्थ.
942 _cBOOK
999 _c254278
_d254278